| 000 | 01506nam a2200433 i 4500 | ||
|---|---|---|---|
| 001 | 10342 | ||
| 003 | KOSZ 005 | ||
| 005 | 20200210132546.0 | ||
| 008 | 980711s1995 pl a f f |000 0 pol | ||
| 020 | _a8390085321 | ||
| 035 | _a(PL-WaBN)b1121644x-48omnis_nlop | ||
| 035 | _ab1121644x | ||
| 035 | _a(OCoLC)749140649 | ||
| 035 | _a(PL)b0000001121644 | ||
| 035 | _a(EXLNZ-48OMNIS_NETWORK)9910708142405606 | ||
| 040 |
_aWA N _cWA N _dWA N _dKOSZ 005/HR |
||
| 080 | _a502.13/.14 | ||
| 080 | _a(075.8) | ||
| 100 | 1 |
_aŁojewski, Stanisław _eAutor |
|
| 245 | 1 | 0 |
_aEkonomia środowiska / _cStanisław Łojewski. |
| 260 |
_aBydgoszcz : _bWydaw. Uczelniane Akademii Techniczno-Rolniczej, _c1995. |
||
| 300 |
_a276 s. : _bmapy, rys., wykr. ; _c25 cm. |
||
| 336 |
_2rdacontent _aTekst _btxt |
||
| 337 |
_2rdamedia _aBez urządzenia pośredniczącego _bn |
||
| 338 |
_2rdacarrier _aWolumin _bnc |
||
| 380 | _aKsiążki | ||
| 380 | _aPublikacje dydaktyczne | ||
| 385 |
_mPoziom nauczania _aSzkoły wyższe |
||
| 388 | _a1901-2000 | ||
| 388 | _a1989-2000 | ||
| 504 | _aBibliogr. s. 62-65, 153-156, 273-276. | ||
| 650 | 7 | _aEkonomia środowiska | |
| 655 | 7 |
_aPodręczniki akademickie _2DBN |
|
| 658 | _aOchrona środowiska | ||
| 710 | 2 |
_aWydawnictwa Uczelniane Akademii Techniczno-Rolniczej (Bydgoszcz) _4pbl |
|
| 856 |
_uhttp://koha.tu.koszalin.pl/cgi-bin/koha/opac-detail.pl?biblionumber=10342 _yKatalog online BPK |
||
| 942 |
_2UKD _cKS |
||
| 999 |
_c10342 _d10342 |
||